| 000 | 00427nam a22001457a 4500 | ||
|---|---|---|---|
| 082 | _aP677 | ||
| 100 |
_aNS Hasseb Ahmed syn#20 _950951 |
||
| 245 | _aGeospatial analysis of geotechnical parameters of risalpur cantoment | ||
| 260 |
_aRsiaplur, _bMCE, _c2016. |
||
| 300 | _a72p. | ||
| 526 |
_a0 _b0 _c0 _dP_677_000000000000000 |
||
| 526 |
_a0 _b0 _c0 _dP_677_000000000000000 |
||
| 700 |
_aLt Col Dr Kamran _950952 |
||
| 942 |
_2ddc _cBK |
||
| 999 |
_c553704 _d553704 |
||